000
00285nam a2200097Ia 4500
008
120527s9999 xx 000 0 und d
100
_a
Ravel,R
245
_a
Clinical Laboratory medicine,Clinical application laboratory data 4th ed.
260
_b
Yearbook medical publishing
942
_c
BK
999
_c
19546
_d
19546